[Event "XXXIII Lower Silesian Cup 2017"]
[Site "Legnica"]
[Date "2017.12.09"]
[Round "4"]
[White "Tomczak, Mikolaj"]
[Black "Czarnota, Pawel"]
[Result "1/2-1/2"]
[WhiteElo "2372"]
[BlackElo "2556"]
[Annotator "TA"]
[PlyCount "89"]
[EventDate "2017.??.??"]
[EventType "tourn"]
[EventCountry "POL"]
[SourceTitle "playchess.com"]
[Source "ChessBase"]
[SourceQuality "1"]

{[%evp 29,89,25,16,21,27,23,30,34,25,22,27,16,25,22,22,12,13,12,27,13,19,0,0,0,0,0,21,10,20,17,17,17,17,20,14,29,16,11,12,9,9,9,9,9,12,10,13,0,0,0,0,0,0,0,0,0,0,0,0,0,8,8]} 1. e4 c6 2. d4 d5 3. Nd2 dxe4 4. Nxe4 Bf5 5. Ng3 Bg6 6. h4 h6 7. Nf3 Nd7 8. h5 Bh7 9. Bd3 Bxd3 10. Qxd3 e6 11. Bd2 Ngf6 12. O-O-O Be7 13. Ne4 Nxe4 14. Qxe4 Nf6 15. Qe2 Qd5 16. Kb1 {B19: Classical Caro-Kann: 4...Bf5 main line} O-O 17. Ne5 Qe4 ({Not} 17... Qxg2 $2 18. Rdg1 $16) 18. Qxe4 {White has an edge.} Nxe4 19. Be1 (19. Be3 Rfd8 20. g4 c5 21. f3 cxd4 22. Bxd4 {½-½ (30) Lenic,L (2640)-Ragger,M (2700) Austria 2017}) 19... Rfd8 20. f3 Nf6 21. Bf2 a5 {[#]} 22. g4 $146 ({Predecessor:} 22. c4) 22... a4 23. c4 Nd7 24. Kc2 Rac8 25. Be1 Nxe5 26. dxe5 Rxd1 27. Kxd1 $11 {[%mdl 4096] Endgame KRB-KRB} Rd8+ 28. Kc2 Rd4 29. b3 axb3+ 30. axb3 b5 31. Bc3 Rf4 32. cxb5 cxb5 33. Rh3 {The position is equal.} Bg5 34. Kd3 {[#] aiming for Bd2.} f5 35. exf6 Bxf6 36. Bd2 Rd4+ 37. Kc2 e5 38. Be3 Rd7 39. Rh1 Kf7 40. Rd1 Rxd1 41. Kxd1 Ke6 42. Ke2 Kd5 43. Kd3 Be7 44. Bc1 b4 45. Bd2 {Precision: White = 66%, Black = 77%.} 1/2-1/2

[Event "XXXIII Lower Silesian Cup 2017"]
[Site "Legnica"]
[Date "2017.12.10"]
[Round "5"]
[White "Czarnota, Pawel"]
[Black "Simantsev, Mikhail"]
[Result "1/2-1/2"]
[WhiteElo "2556"]
[BlackElo "2490"]
[Annotator "TA"]
[PlyCount "60"]
[EventDate "2017.??.??"]
[EventType "tourn"]
[EventCountry "POL"]
[SourceTitle "playchess.com"]
[Source "ChessBase"]
[SourceQuality "1"]

{[%evp 18,60,30,28,24,21,35,25,25,23,19,20,29,0,0,0,2,0,-2,-6,-13,-16,0,0,0,0,0,-41,0,12,12,0,5,-95,0,0,0,0,16,0,0,0,0,0,6]} 1. e4 e5 2. Nf3 Nc6 3. Bb5 a6 4. Ba4 Nf6 5. O-O Be7 6. Re1 b5 7. Bb3 d6 8. a4 Bd7 9. c3 O-O 10. d4 h6 {C90: Closed Ruy Lopez with 7...d6: Early deviations} 11. Nbd2 {[%cal Bb1d2,Bd2f1,Bf1g3][%mdl 32]} Re8 12. Nf1 Bf8 {White has an edge.} 13. Bc2 exd4 14. Nxd4 b4 {[#]} 15. Ng3 $146 ({Predecessor:} 15. Bd2 a5 16. Ng3 Rb8 17. Nxc6 Bxc6 18. cxb4 axb4 {½-½ (37) Predojevic,B (2654)-Mihajlov,S (2343) Stockholm 2016}) 15... bxc3 16. bxc3 g6 17. Nxc6 Bxc6 18. f3 Bg7 19. Ne2 Nd7 20. Be3 Ne5 21. Bb3 Rb8 22. Rb1 {[#]} Qd7 (22... d5 $1 $15 {[%mdl 512]}) 23. Qc2 $11 d5 {Threatens to win with ...dxe4.} 24. Red1 {[%cal Re4d5] [#]} Rxb3 $1 {[%mdl 512]} 25. Rxb3 (25. Qxb3 $11 Bxa4 26. Qxd5) 25... Bxa4 (25... Qe7 $17 {And now ...dxe4 would win.} 26. Bd4 dxe4) 26. Rxd5 {The position is equal.} Qc6 27. Qa2 {Hoping for Ra3.} Qc4 28. Nc1 Bxb3 29. Qxb3 Qxb3 30. Nxb3 Rb8 {Precision: White = 61%, Black = 55%.} 1/2-1/2

[Event "XXXIII Lower Silesian Cup 2017"]
[Site "Legnica"]
[Date "2017.12.10"]
[Round "5"]
[White "Kriebel, Tadeas"]
[Black "Simacek, Pavel"]
[Result "1/2-1/2"]
[WhiteElo "2515"]
[BlackElo "2490"]
[Annotator "TA"]
[PlyCount "81"]
[EventDate "2017.??.??"]
[EventType "tourn"]
[EventCountry "POL"]
[SourceTitle "playchess.com"]
[Source "ChessBase"]
[SourceQuality "1"]

{[%evp 18,81,38,47,76,71,76,62,65,70,76,70,70,0,38,47,47,66,145,133,145,143,153,7,25,-76,149,73,89,93,92,-101,-12,-64,-70,-100,-99,-94,-83,-76,-76,-89,0,-8,33,0,1,31,111,97,89,110,130,25,23,20,23,0,59,0,0,0,0,0,0,0]} 1. c4 c6 2. e4 e5 3. d4 d6 4. Nc3 Nf6 5. Nge2 Be7 6. f3 O-O 7. Be3 Nbd7 8. d5 cxd5 9. cxd5 Nh5 {A53: Old Indian Defence without Nf3} 10. Qd2 {LiveBook: 5 Games} Nb6 11. b3 $1 h6 {White is better.} 12. g4 $146 ({Predecessor:} 12. O-O-O Bg5 {1-0 (41) Ivanchuk,V (2725)-Beliavsky,A (2710) Belgrade 1997}) 12... Bh4+ 13. Kd1 Nf6 14. Rc1 Nh7 15. Nb5 (15. Ng3 $14) 15... Bg5 16. h4 Bxh4 17. Bxh6 Bg5 (17... Qf6 $14 18. Be3 Bg5) 18. Bxg5 $16 Nxg5 19. Qe3 f6 20. a4 (20. Nc7 $1 $16) 20... Bd7 $1 $11 21. Nxd6 (21. Na3 $11) 21... Nxa4 $2 (21... Bxg4 $1 $17 {stays on course.} 22. fxg4 (22. Nxb7 Nxd5 23. Qxg5 fxg5 $17) 22... Qxd6) 22. Nxb7 (22. f4 $142 $1 {[%cal Rf4g5]} Bxg4 23. fxg5 (23. bxa4 Qxd6 24. fxg5 fxg5 $14) 23... Qxd6 24. Bh3 (24. bxa4 fxg5 25. Qc5 Qg6 $11)) 22... Qb8 23. Na5 $1 Qb4 24. Nc4 $2 (24. Nc6 $1 $16 {[%cal Rc6b4]} Bxc6 25. Rxc6) 24... Rab8 ({Black should try} 24... Rfc8 $1 $17 {[%cal Rc8c4] aiming for ...Rxc4!} 25. Rc2 Rxc4 26. bxc4 Nb2+ 27. Rxb2 Ba4+ 28. Rc2 Qb1+ 29. Nc1 Qxc2+ 30. Ke1 Rc8) 25. Nd2 (25. Ng3 $1 $11 Rfc8 26. Nf5) 25... Nb2+ $15 26. Ke1 {[%cal Bd1e1,Be1e2,Be2f2,Bf2e3][%mdl 32] Strongly threatening Rc2.} Rfc8 27. Nc3 {[#]} Bb5 $1 {[%mdl 512]} 28. Be2 {[#]} ({Wrong is} 28. Qxa7 $2 Bd3 $19) (28. Nxb5 Rxc1+) 28... Bxe2 $1 29. Kxe2 Qa5 ({Better is} 29... Rb7 $17 30. d6 Kf7) 30. Kf2 $132 {[%mdl 2048] White is not keeping still} Qa6 (30... Nh3+ $5 31. Kg3 (31. Rxh3 Rxc3 32. Qxc3 Nd1+ 33. Rxd1 Qxc3 $19) 31... Nf4 $11) 31. Ra1 Qd3 32. Ne2 $1 {Qxd3 is the strong threat.} Rc2 ({Black should play} 32... Qb5 $14) 33. Qxd3 $16 Nxd3+ 34. Ke3 Nc5 35. Rhc1 ({Much weaker is} 35. Rxa7 $6 Nxf3 36. Rc1 Rxc1 $15) (35. Rab1 $16) 35... Rxd2 $1 $11 36. Rxc5 Rb2 37. Nc1 Nh3 (37... Rh2 $11) 38. Rxa7 (38. Nd3 $14 R2xb3 39. Ke2) 38... Nf4 {The position is equal.} 39. Rc3 {Black must now prevent Rac7.} Rb4 {( -> ...Ng2+)} 40. Ra4 Ng2+ 41. Kd3 {Precision: White = 40%, Black = 33%.} 1/2-1/2

[Event "XXXIII Lower Silesian Cup 2017"]
[Site "Legnica"]
[Date "2017.12.10"]
[Round "5"]
[White "Cyborowski, Lukasz"]
[Black "Sieciechowicz, Marcin"]
[Result "1/2-1/2"]
[WhiteElo "2514"]
[BlackElo "2387"]
[Annotator "TA"]
[PlyCount "79"]
[EventDate "2017.??.??"]
[EventType "tourn"]
[EventCountry "POL"]
[SourceTitle "playchess.com"]
[Source "ChessBase"]
[SourceQuality "1"]

{[%evp 24,79,0,0,17,8,98,36,68,66,89,38,22,4,120,108,112,72,163,40,35,31,38,32,49,0,0,5,14,-158,-152,-104,0,-20,-2,-7,-5,-7,-12,-9,0,0,0,0,9,0,0,-71,-71,-71,-85,-220,-203,-208,-78,-175,-10,-29]} 1. c4 c6 2. d4 d5 3. Nf3 Nf6 4. Nc3 e6 5. Bg5 dxc4 6. e4 {[%cal Be2e4,Be4e5][%mdl 32]} b5 7. e5 h6 8. Bh4 g5 9. exf6 gxh4 10. Ne5 Qxf6 11. a4 Bb7 12. axb5 {D44: Semi-Slav: Botvinnik System} cxb5 13. Bxc4 $1 {LiveBook: 16 Games. Hoping for Qb3.} Bd6 (13... bxc4 14. Qa4+ Kd8 15. Qa5+ Kc8 16. Ra4 $18) 14. Bxb5+ Ke7 {[#]} (14... Kf8 $11 15. Ng4 Qg7) 15. Ng4 $146 (15. O-O $1 $16) ({Predecessor:} 15. O-O Rg8 16. g3 Bxe5 17. dxe5 Qxe5 18. Re1 Qf5 19. Re3 hxg3 20. hxg3 {1-0 (46) Gyimesi,Z (2611)-Pavasovic,D (2575) Austria 2007}) 15... Qg5 16. d5 $1 Rd8 {[%cal Rb7d5] [#]} 17. Ne3 (17. O-O $1 $16) 17... Nd7 $14 18. Ba6 Bxa6 (18... Bxd5 $1 $11 {remains equal.} 19. Nexd5+ (19. Ncxd5+ exd5 20. O-O Kf8 $11) 19... exd5) 19. Rxa6 $16 Nc5 20. Ra5 Rd7 (20... Qe5 $16) 21. b4 ({White should play} 21. O-O $18) 21... Qg7 $14 22. bxc5 Qxc3+ 23. Qd2 Be5 24. d6+ Kf8 {White must now prevent ...Rb8.} 25. Ke2 {Strongly threatening Qxc3.} Rc8 $1 26. Ng4 $2 (26. Rd1 $11) 26... Qc4+ $17 27. Kf3 Qc3+ (27... Bc3 $17 28. Qxh6+ Bg7) 28. Qe3 Qxe3+ 29. fxe3 Bc3 30. Rb5 $132 {[%mdl 2048] White is not keeping still} a6 31. Rb6 h5 (31... f5 $5 32. Nf2 $8 (32. Nxh6 $2 Kg7 $19) 32... Rxc5 $11) 32. Nf2 Rxc5 33. Ne4 Rf5+ $1 34. Ke2 Ba5 35. Rxa6 (35. Rc6 $11 {keeps the balance.}) 35... Rb7 {And now ...Rb2+ would win.} 36. Ra8+ Kg7 {...Rb2+ is the strong threat.} 37. Kd3 (37. d7 $17 {was the only chance.} Rxd7 38. Rb1) 37... Rd5+ $19 38. Kc2 {[#]} f5 (38... Rb6 $1 $19 {has better winning chances. Threatens to win with ...f5.} 39. Ra1 Rc6+ 40. Kb3 Bb6) 39. Ra1 (39. Rd1 $17 {might work better.} Rxd1 40. Kxd1) 39... fxe4 $2 (39... Bb6 $19 40. Nd2 Bxe3) 40. R1xa5 {Precision: White = 31%, Black = 36%.} 1/2-1/2

[Event "XXXIII Lower Silesian Cup 2017"]
[Site "Legnica"]
[Date "2017.12.10"]
[Round "5"]
[White "Kislinsky, Alexey"]
[Black "Tomczak, Mikolaj"]
[Result "0-1"]
[WhiteElo "2513"]
[BlackElo "2372"]
[Annotator "TA"]
[PlyCount "152"]
[EventDate "2017.??.??"]
[EventType "tourn"]
[EventCountry "POL"]
[SourceTitle "playchess.com"]
[Source "ChessBase"]
[SourceQuality "1"]

{[%evp 29,152,-13,-11,-26,-25,-25,-16,-22,0,-34,11,-15,-14,-22,0,-37,-38,-42,-4,0,22,-25,0,0,0,-2,0,-36,-34,-59,-64,-50,-26,-39,-26,-32,-32,-20,-30,-49,-4,-7,0,0,-8,0,0,0,0,0,0,0,0,0,0,0,0,-244,-237,-391,-387,-366,-367,-366,-360,-420,-430,-557,-558,-558,-556,-535,-540,-533,-527,-515,-493,-538,-487,-500,-503,-493,-498,-502,-485,-498,-492,-481,-469,-490,-496,-445,-400,-427,-426,-560,-591,-620,-611,-595,-595,-530,-72,-72,0,-520,-520,-456,-378,-515,-514,-645,-554,-628,-583,-661,-642,-670,-668,-865,-836,-1844,-1800,-11022,-11084]} 1. e4 c5 2. Nf3 d6 3. Bb5+ Bd7 4. Bxd7+ Qxd7 5. O-O Nf6 6. Re1 Nc6 7. c3 e6 8. d4 cxd4 9. cxd4 d5 10. e5 Ne4 11. Nbd2 Nxd2 12. Bxd2 Be7 13. Rc1 O-O 14. Rc3 Rfc8 {B52: Sizilianisch (Rossolimo-Variante)} (14... Rac8 15. a3 Nb8 16. Rd3 Qb5 17. Rb3 Qc6 18. Ng5 Bxg5 19. Bxg5 Nd7 20. Qg4 f5 21. Qh4 Rfe8 22. Bf6 {1-0 (46) Jones,G (2654)-Gelfand,B (2777) London 2013}) 15. a3 h6 {LiveBook: 3 Partien} 16. h4 Bd8 {Schwarz hat minimalen Vorteil.} 17. h5 Ne7 18. Rd3 Qb5 19. Bc3 Nf5 20. g4 Ne7 21. Kh1 Ba5 22. b4 $146 ({Vorgänger:} 22. Qd2 Bxc3 23. bxc3 Rf8 24. Rg1 f6 25. exf6 Rxf6 26. Ne5 {½-½ (26) Potkin,V (2495)-Ionov,S (2538) St Petersburg 2002}) 22... Bd8 23. Rg1 Rc4 24. a4 Qa6 25. Rg3 b6 26. Nd2 Rc7 27. b5 Qc8 28. Qf3 a6 29. Rg1 axb5 30. axb5 Qd7 31. Rb1 $1 Nc8 32. Qg3 Ra2 33. Nf3 Ra3 34. Ne1 Bh4 35. Qxh4 {Und Dg3 würde nun gewinnen.} Rcxc3 36. Rxc3 Rxc3 37. Kg2 $1 Qa7 {zielt auf ...Da2 ab.} 38. Qd8+ Kh7 {...Da2 ist eine echte Drohung.} 39. Nf3 Qa3 $36 {[%mdl 2048] Schwarz hat Initiative.} 40. Nh2 Qa4 41. Nf3 Qa3 42. Nh4 Qa2 43. Re1 $2 {[#]} (43. Rc1 $11 {und Weiss ist OK.} Rxc1 44. g5) 43... Qd2 $1 $19 {[%csl LRd4,LRe1][%cal Rd2e1]} 44. g5 $2 (44. Nf3 Qf4 45. Nh2) 44... Qxg5+ 45. Qxg5 hxg5 {[%mdl 4096] Endspiel KTS-KTS} 46. Nf3 Kh6 47. Rh1 Ne7 48. Kg3 {Wenn Weiss jetzt Zeit für Kg4 hätte...} f5 49. exf6 gxf6 50. Kg2 {Weiss hofft, mit Te1 fortzusetzen.} Nf5 51. Ra1 Kxh5 52. Ra6 g4 53. Nd2 g3 54. fxg3 Rc2 {Droht stark ...Kg4.} 55. Kf3 Nxd4+ (55... Rxd2 $2 56. g4+ Kg6 57. gxf5+ Kxf5 58. Ke3 $19) 56. Ke3 Nxb5 57. Rxb6 Rc3+ 58. Kf2 Nd4 59. Nf1 Rc6 60. Rb8 Kg6 61. Ne3 Ra6 62. Ng4 Ra2+ 63. Ke3 Nf5+ 64. Kf3 Ra3+ 65. Kf2 Kg7 $2 (65... Ra4 $19 {bietet bessere Gewinnchancen.} 66. Kf3 Ra3+ 67. Kf2 Nd6 68. Rg8+ Kf7 69. Nh6+ Ke7 70. Rg7+ Ke8) 66. Rb7+ $17 {[#]} Kg6 $2 {[%mdl 8192]} (66... Kf8 $1 $17 67. Nxf6 Nd4 68. Nh7+ Ke8) 67. Rb8 $1 $19 Ra4 68. Kf3 Nh6 69. Ne3 Ra3 {Schwarz steht klar auf Gewinn.} 70. Kf2 d4 {[%cal Bd5d4,Bd4d3][%mdl 32]} 71. Nc4 Ng4+ 72. Ke1 Rxg3 73. Nd6 f5 74. Rb4 d3 75. Nc4 Rg2 76. Rb6 Re2+ {Precision: Weiß = 48%, Schwarz = 71%.} 0-1

[Event "XXXIII Lower Silesian Cup 2017"]
[Site "Legnica"]
[Date "2017.12.10"]
[Round "5"]
[White "Grela, Kacper"]
[Black "Teclaf, Pawel"]
[Result "1-0"]
[WhiteElo "2293"]
[BlackElo "2393"]
[Annotator "NA"]
[PlyCount "95"]
[EventDate "2017.??.??"]
[EventType "tourn"]
[EventCountry "POL"]
[SourceTitle "playchess.com"]
[Source "ChessBase"]
[SourceQuality "1"]
[TimeControl "40/5400+30:900+30"]

1. e4 {[%emt 0:00:00]} e6 {[%emt 0:00:03]} 2. d4 {[%emt 0:00:09]} d5 {[%emt 0:00:04]} 3. Nd2 {[%emt 0:01:16]} a6 {[%emt 0:00:03]} 4. Ngf3 {[%emt 0:00:40]} Nf6 {[%emt 0:00:12]} 5. e5 {[%emt 0:00:34]} Nfd7 {[%emt 0:00:04]} 6. Bd3 {[%emt 0:01:24]} c5 {[%emt 0:00:04]} 7. c3 {[%emt 0:00:09]} Nc6 {[%emt 0:00:03]} 8. O-O {[%emt 0:02:11] C06: Französische Verteidigung (Tarrasch-Variante)} g5 {[%emt 0:00:26]} 9. b3 {[%emt 0:12:09]} g4 {[%emt 0:11:39]} 10. Ne1 {[%emt 0:00:09]} cxd4 {[%emt 0:25:54]} 11. cxd4 {[%emt 0:00:18]} Nxd4 {[%emt 0:04:52]} 12. Qxg4 {[%emt 0:11:16]} Nc6 {[%emt 0:00:43]} 13. f4 {[%emt 0:06:56]} Nc5 {[%emt 0:01:30]} 14. Bb2 $146 {[%emt 0:03:14]} (14. Qe2 $14) ({Vorgänger:} 14. Kh1 Qa5 15. Bc2 Nd4 {0-1 (58) Caspi,I (2460)-Nevednichy,V (2547) Rijeka 2010}) 14... Qb6 {[%emt 0:00:56]} 15. Rf2 {[%emt 0:13:16]} Na4 {[%emt 0:05:27]} 16. bxa4 {[%emt 0:03:20]} Bc5 {[%emt 0:00:43]} 17. Qg7 {[%emt 0:04:39]} Rf8 {[%emt 0:01:03]} 18. Nb3 {[%emt 0:01:00]} Bxf2+ {[%emt 0:00:46]} 19. Kh1 {[%emt 0:00:21]} Bxe1 {[%emt 0:09:06]} 20. Rxe1 {[%emt 0:00:23]} Qb4 {[%emt 0:00:49]} 21. Rc1 {[%emt 0:09:10]} Bd7 {[%emt 0:00:54]} 22. Qf6 {[%emt 0:03:20]} Rc8 {[%emt 0:02:14]} 23. h4 {[%emt 0:05:05]} Na5 {[%emt 0:02:26]} 24. Nxa5 {[%emt 0:02:32]} Qxb2 {[%emt 0:04:40]} 25. Rb1 {[%emt 0:03:57]} Rc1+ {[%emt 0:00:37]} 26. Rxc1 {[%emt 0:00:05]} Qxc1+ {[%emt 0:00:04]} 27. Kh2 {[%emt 0:00:05]} Qc7 {[%emt 0:02:43]} 28. Nb3 {[%emt 0:00:06]} Qd8 {[%emt 0:04:35]} 29. Qh6 {[%emt 0:01:51]} Qb6 $19 {[%emt 0:03:06]} 30. Bxh7 {[%emt 0:01:15]} Qf2 {[%emt 0:03:12]} 31. Qf6 {[%emt 0:02:24]} b6 {[%emt 0:06:43]} 32. h5 {[%emt 0:00:40]} d4 {[%emt 0:00:55]} 33. Be4 {[%emt 0:03:56]} Rg8 {[%emt 0:02:34]} 34. Bf3 {[%emt 0:03:19]} d3 {[%emt 0:01:06]} 35. h6 {[%emt 0:00:52]} Qg3+ {[%emt 0:00:04]} 36. Kh1 {[%emt 0:00:06]} Qg6 {[%emt 0:01:53]} 37. g4 {[%emt 0:01:37]} Qh7 {[%emt 0:01:20]} 38. Qh4 {[%emt 0:03:34]} Bxa4 {[%emt 0:00:49]} 39. Nd2 {[%emt 0:00:04]} Rh8 {[%emt 0:02:19]} 40. g5 {[%emt 0:00:00]} Kf8 {[%emt 0:01:59]} 41. Be4 {[%emt 0:04:58]} f5 {[%emt 0:06:27]} 42. exf6 {[%emt 0:04:48]} Qc7 {[%emt 0:02:00]} 43. g6 {[%emt 0:03:32]} Qc1+ {[%emt 0:01:13]} 44. Kh2 {[%emt 0:00:04]} Qxd2+ {[%emt 0:00:36]} 45. Bg2 {[%emt 0:00:05]} Bc6 {[%emt 0:01:16]} 46. g7+ {[%emt 0:00:49]} Kf7 {[%emt 0:00:06]} 47. Qh5+ {[%emt 0:00:23]} Kg8 {[%emt 0:00:12]} 48. f7+ {[%emt 0:00:26]} 1-0

[Event "XXXIII Lower Silesian Cup 2017"]
[Site "Legnica"]
[Date "2017.12.11"]
[Round "6"]
[White "Simacek, Pavel"]
[Black "Czarnota, Pawel"]
[Result "1/2-1/2"]
[WhiteElo "2490"]
[BlackElo "2556"]
[Annotator "TA"]
[PlyCount "66"]
[EventDate "2017.??.??"]
[EventType "tourn"]
[EventCountry "POL"]
[SourceTitle "playchess.com"]
[Source "ChessBase"]
[SourceQuality "1"]

{[%evp 32,66,57,61,70,66,85,85,85,85,85,84,82,85,85,77,85,85,85,64,64,49,58,0,56,0,54,40,42,43,36,14,13,10,19,0,0]} 1. e4 c5 2. Nf3 e6 3. d4 cxd4 4. Nxd4 Nc6 5. Nc3 d6 6. g3 Nf6 7. Bg2 Bd7 8. O-O Be7 9. Re1 O-O 10. Nxc6 Bxc6 11. Be3 Qc7 12. a4 a6 13. a5 Rac8 14. Bb6 Qb8 15. Nd5 {B47: Sicilian: Taimanov: 5 Nc3 Qc7 6 f4, 6 g3 and 6 Be2} (15. Bd4 Rfd8 16. Nd5 Nxd5 17. exd5 Bd7 18. dxe6 Bxe6 19. Bd5 Bxd5 20. Rxe7 Be6 21. Qd2 h6 22. Re1 Bf5 {½-½ (57) Alekseev,E (2708)-Mamedyarov,S (2742) Moscow 2008}) 15... exd5 16. exd5 Nxd5 17. Bxd5 {LiveBook: 5 Games. White is slightly better.} Bf6 18. c3 Bxd5 19. Qxd5 Rfe8 20. Rad1 Rc6 21. Qf5 $146 ({Predecessor:} 21. Re4 Re5 22. Rxe5 Bxe5 {½-½ (67) Thinius,M (2330)-Sarbok,T (2316) Germany 2007}) 21... Rxe1+ 22. Rxe1 Qc8 23. Kg2 h6 24. Qe4 {And now Qe8+ would win.} g6 25. Qf4 Kg7 26. Bd4 Qd8 27. Bb6 (27. Be3 $14) 27... Qd7 (27... Qc8 $1 $11) 28. Bd4 Qd8 $1 29. Re3 Bxd4 30. Qxd4+ Qf6 31. Qd5 Rc5 {The position is equal.} 32. Qxb7 Rxa5 33. Rf3 Qe6 {Precision: White = 44%, Black = 75%.} 1/2-1/2

[Event "XXXIII Lower Silesian Cup 2017"]
[Site "Legnica"]
[Date "2017.12.11"]
[Round "6"]
[White "Simantsev, Mikhail"]
[Black "Kislinsky, Alexey"]
[Result "1/2-1/2"]
[WhiteElo "2490"]
[BlackElo "2513"]
[Annotator "TA"]
[PlyCount "31"]
[EventDate "2017.??.??"]
[EventType "tourn"]
[EventCountry "POL"]
[SourceTitle "playchess.com"]
[Source "ChessBase"]
[SourceQuality "1"]

{[%evp 28,31,36,0,44,0]} 1. d4 Nf6 2. c4 c5 3. d5 e6 4. Nc3 exd5 5. cxd5 d6 6. Nf3 g6 7. g3 Bg7 8. Bg2 O-O 9. O-O Re8 10. Bf4 a6 11. a4 Bf5 $146 (11... Nh5 12. Bg5 Qc7 13. Qd2 Nd7 14. Rfc1 b6 15. Rab1 Ndf6 16. Nh4 Ng4 17. h3 Ne5 18. b3 f6 19. Be3 f5 {0-1 (45) Jumabayev,R (2611)-Zhigalko,S (2671) Doha 2016}) 12. Nh4 Bc8 13. Nf3 Bf5 14. Nh4 Bc8 15. Nf3 Bf5 {A62: Modern Benoni: Fianchetto Variation without early ...Nbd7} 16. Nh4 1/2-1/2

[Event "XXXIII Lower Silesian Cup 2017"]
[Site "Legnica"]
[Date "2017.12.11"]
[Round "6"]
[White "Teclaf, Pawel"]
[Black "Sieciechowicz, Marcin"]
[Result "1/2-1/2"]
[WhiteElo "2393"]
[BlackElo "2387"]
[Annotator "TA"]
[PlyCount "60"]
[EventDate "2017.??.??"]
[EventType "tourn"]
[EventCountry "POL"]
[SourceTitle "playchess.com"]
[Source "ChessBase"]
[SourceQuality "1"]

{[%evp 27,60,23,19,11,17,-31,-23,-43,-19,-30,-15,-27,0,0,9,22,16,0,0,7,0,0,42,-56,-47,-44,-63,-59,-54,-58,-41,-37,0,0,0]} 1. e4 c5 2. Nf3 d6 3. d4 cxd4 4. Nxd4 Nf6 5. Nc3 a6 6. Be3 e5 7. Nb3 Be6 8. f3 h5 9. Qd2 Nbd7 10. O-O-O Qc7 {B90: Sicilian Najdorf: Unusual White 6th moves, 6 Be3 Ng4 and 6 Be3 e5} 11. Kb1 Be7 12. g3 Rc8 13. Nd5 Nxd5 14. exd5 Bf5 {[%cal Rf5c2] LiveBook: 15 Games} 15. Bd3 Bxd3 {[#]} 16. cxd3 $146 ({Predecessor:} 16. Qxd3 Qc4 17. Qd2 O-O 18. Rhg1 {1-0 (55) Karjakin,S (2760)-Gelfand,B (2741) Moscow 2010}) 16... O-O 17. d4 Bf6 18. g4 exd4 19. Bxd4 Ne5 20. Qg2 Qd7 {[%cal Rh5g4]} 21. h3 {[%cal Bh2h3,Bh3h4][%mdl 32]} Bg5 22. Qf2 {[#] Strongly threatening f4.} Ng6 ({Reject} 22... hxg4 $6 23. hxg4 Ng6 24. Qh2 $14) 23. h4 Bf4 $36 {[%cal Bg5f4,Bf4e5,Be5f6,Bf6d8][%mdl 2080] Black is more active.} 24. Ka1 Ne5 (24... Ne7 {feels hotter.} 25. Rhe1 Rfe8 26. Bc3 f6 27. gxh5 Nf5) 25. Bxe5 (25. Rhg1 $14) 25... Bxe5 $15 ({Much weaker is} 25... dxe5 26. gxh5 Rfd8 27. Rhg1 $11) 26. f4 $1 {[%cal Rf4e5,Bf3f4,Bf4f5,Bf5f6][%mdl 32]} Bf6 27. g5 Bd8 $1 28. f5 Rc4 29. Rhe1 Qa4 30. f6 {[#] aiming for fxg7.} g6 {Precision: White = 42%, Black = 42%.} 1/2-1/2

[Event "XXXIII Lower Silesian Cup 2017"]
[Site "Legnica"]
[Date "2017.12.11"]
[Round "6"]
[White "Tomczak, Mikolaj"]
[Black "Cyborowski, Lukasz"]
[Result "1/2-1/2"]
[WhiteElo "2372"]
[BlackElo "2514"]
[Annotator "TA"]
[PlyCount "89"]
[EventDate "2017.??.??"]
[EventType "tourn"]
[EventCountry "POL"]
[SourceTitle "playchess.com"]
[Source "ChessBase"]
[SourceQuality "1"]

{[%evp 11,89,0,0,0,2,2,21,18,16,0,0,0,0,0,0,0,0,0,0,0,0,0,0,0,0,-1,0,0,0,0,9,4,14,8,24,19,29,12,24,18,24,5,2,4,4,4,0,0,17,13,8,20,7,0,5,6,4,0,9,0,0,0,0,0,0,0,0,0,0,0,0,0,0,0,0,0,0,0,0,0]} 1. d4 Nf6 2. c4 e6 3. Nc3 d5 4. Bg5 Be7 5. cxd5 Nxd5 6. Bxe7 Qxe7 7. Rc1 {D53: Queen's Gambit Declined: 4 Bg5 Be7: Early deviations} O-O 8. Nf3 Rd8 9. e3 {[%cal Be2e3,Be3e4,Be4e5][%mdl 32]} Nf6 10. Qc2 Nbd7 $146 ({Predecessor:} 10... c5 11. dxc5 Qxc5 12. Be2 Nc6 13. O-O Bd7 14. a3 Rac8 15. b4 Qe7 {½-½ (15) Riazantsev,A (2632)-Zvjaginsev,V (2674) Ramenskoe 2006}) 11. e4 c5 12. e5 Nd5 13. Nxd5 exd5 14. Bd3 cxd4 15. O-O Nxe5 16. Bxh7+ Kh8 {[#] Hoping for ...Nxf3+.} 17. Nxe5 $1 ({Don't play} 17. Nxd4 g6 $19) 17... Qxe5 18. Rfe1 Qg5 {Strongly threatening ...f5.} 19. Bd3 $1 Bg4 20. Qa4 Qf4 21. h3 Be6 22. Bf1 Bd7 23. Qb4 a5 24. Qb6 Bc6 25. Red1 d3 26. Rc3 Qb4 $132 {[%mdl 2048] The position is equal. Black is not keeping still} 27. Rb3 Qxb6 28. Rxb6 d4 29. Bxd3 Rac8 30. f3 g6 31. Kf2 Kg7 32. Rc1 Bd5 33. Rxc8 Rxc8 $11 {[%mdl 4096] Endgame KRB-KRB} 34. a3 Bc6 35. Ke2 Kf6 36. Be4 Ke5 37. Kd3 Kf4 38. Bxc6 (38. Kxd4 {seems wilder.} f5 39. Bd3 Rd8+ 40. Kc3 Kg3 41. b4) 38... bxc6 39. Kxd4 {KR-KR} Kg3 40. b4 axb4 41. axb4 {[#] aiming for Kc5.} Kxg2 42. Kc5 Kxf3 43. Rxc6 Rg8 44. b5 Kg3 45. b6 {Precision: White = 66%, Black = 63%.} 1/2-1/2